LEADER 01137nam0-2200361---450- 001 990009962620403321 005 20150615130940.0 010 $a978-88-96055-07-6 035 $a000996262 035 $aFED01000996262 035 $a(Aleph)000996262FED01 035 $a000996262 100 $a20150506d2015----km-y0itay50------ba 101 0 $aita 102 $aIT 105 $aab------001yy 200 1 $aMediterraneo della mobilità$eil viaggio a Gerusalemme tra tarda antichità e prima crociata$fGiuseppe Perta$gprefazione di Peregrine Horden 210 $a[Napoli]$cUniversità degli studi Suor Orsola Benincasa$d2015 215 $a330 p.$cill.$d24 cm 225 1 $aMediterraneo$v6.$emiti storie armonie 610 0 $aEuropa$aStoria$a800-1099 610 0 $aCrociate <1. ; 1096-1099> 676 $a940.14 676 $a940.18 700 1$aPerta,$bGiuseppe$0748913 702 1$aHorden,$bPeregrine 801 0$aIT$bUNINA$gRICA$2UNIMARC 901 $aBK 912 $a990009962620403321 952 $a940.14 PER 1$bbibl.2015/357$fFLFBC 959 $aFLFBC 996 $aMediterraneo della mobilità$91499595 997 $aUNINA LEADER 01166nam2-2200385---450 001 990005675810203316 005 20190403125004.0 035 $a000567581 035 $aUSA01000567581 035 $a(ALEPH)000567581USA01 035 $a000567581 100 $a20050915d1985----|||y0itaa50------ba 101 $ager 102 $ade 105 $a0 00||| 200 1 $a<<1. Band: >> Aristoteles. 1. Teil, Kommentar zum 7. Buch der Metaphysik$fHermann Schmitz 210 $aBonn$cBouvier$d1985 215 $aXXII, 324 p.$d24 cm. 461 0$1001000567579$12001$a<> Ideenlehre des Aristoteles$v1.1. 606 $aAristotele. Metafisica$2F 620 $dBONN 676 $a185 700 1$aSCHMITZ,$bHermann$0360510 801 0$aIT$bSA$c20111219 912 $a990005675810203316 950 0$aDipar.to di Filosofia - Salerno$dDFCC 185 SCH$e3000 FIL 951 $aCC 185 SCH$b3000 FIL 951 $aCC 185 SCH$b3345 FIL 959 $aBK 969 $aFIL 979 $c20121027$lUSA01$h1526 979 $c20121027$lUSA01$h1615 996 $aAristoteles. 1. Teil, Kommentar zum 7. Buch der Metaphysik$91084417 997 $aUNISA NUM $aSA0015179